Integrated Management Systems and Their Positive Aspects

Popis výhod integrovaných systémov riadenia pre podniky ako sú zlepšenie produktov a služieb, zníženie nákladov a zvýšenie zisku. Zlepšenie výsledku podniku v konkurenčnom prostredí. Použitie prieskumov, dotazníkov a komparácie.

Uložené v:
Podrobná bibliografia
Hlavný autor: Karkalíková, Marta
Ďalší autori: Lacková, Alica, Strhan, Rastislav, 1968-
Médium: Kapitola
Jazyk:English
Predmet:
Tagy: Pridať tag
Žiadne tagy, Buďte prvý, kto otaguje tento záznam!

MARC

LEADER 00000naa$a2200000$$$4500
001 0259723
005 20240502083740.7
041 0 |a eng 
044 |a PL 
245 1 0 |a Integrated Management Systems and Their Positive Aspects  |c Marta Karkalíková, Alica Lacková, Rastislav Strhan 
520 |a Popis výhod integrovaných systémov riadenia pre podniky ako sú zlepšenie produktov a služieb, zníženie nákladov a zvýšenie zisku. Zlepšenie výsledku podniku v konkurenčnom prostredí. Použitie prieskumov, dotazníkov a komparácie. 
610 2 0 |a manažment 
610 2 0 |a systémy informačné manažérske 
610 2 0 |a trh 
610 2 0 |a konkurencieschopnosť 
100 1 |a Karkalíková, Marta 
700 1 |a Lacková, Alica 
700 1 |a Strhan, Rastislav, 1968-